00840nam a2200217 a 450000100100000000500170001000800410002704000250006804100130009308200150010610000420012124000460016324500880020926000390029730000370033653400700037370000340044304900090047795201190048699900170060500002649220200930030243.0810211s1974 mx a 000 0 spa d aDO-SdBNPbspacBNPHU17aspahfre axxxbC615p1 aClaude Lewis, John Noeld1912-95356210aTypography, basic principles.lEspañol.10aPrincipios básicos de tipografía /cJohn Lewis ; traducción Agustín Contin. aMéxico, D. F. :bTrillas,c1974. a96 p. :bil., facsims. ;c22 cm. aTítulo de esta obra en inglés:tTypography, basic principles.1 aContin, Agustínetr.945783 aBNGR 001054708MOaGRbGRcHDd2011-03-21iLF1l0oxxx C615pp26492-10r2020-06-25w2020-06-25y4ZPréstamo en sala c25984d25984